000 00647nam a2200181 i 4500
001 78839
003 ES-MaACL
005 20250909203459.0
007 t|
008 041018s1982 sp ||||1| spa d
100 1 _aHeger, Klaus.
_962320
245 1 0 _aBaltasar Gracián
_b: estilo lingüístico y doctrina de valores : estudio sobre la actitud literaria del Conceptismo /
_cKlaus Heger.
260 _aZaragoza :
_bInstitución Fernando el Católico,
_c[1982]
300 _a230 p. ;
_c24 cm.
600 1 4 _aGracián, Baltasar,
_d1601-1658-
_xCrítica e interpretación
_959479
852 _aES-MaACL
_jL-3809
_bR.104463
999 _c78839
_d78839